Matemáticas 5

Gespeichert in:
Bibliographische Detailangaben
Körperschaft: Editorial Santillana. Departamento de Investigaciones Educativas .
Weitere Verfasser: Ramos Pérez, Antonio .
Format: Buch
Sprache:Spanisch
Erschienen: Madrid : Santillana, D.L. 1991
Katalog:MANES:  Suchergebnis im Bibliothekskatalog
Schulbuchspezifische Eigenschaften:
Schriftenreihe:EGB Ciclo Medio
Tags: Tag hinzufügen
Keine Tags, Fügen Sie den ersten Tag hinzu!
Hinzugefügt zu:09.02.2019
Geändert in:07.05.2025

MARC

LEADER 00000cam a2200000 i 4500
005 20250507134441.0
008 190210s1991 espa fp 000 0 spa d
020 |a 8429430970 
040 |a uned  |b spa  |c entro-manes 
245 0 0 |a Matemáticas 5 /   |c obra colectiva concebida, diseñada y creada por el Departamento de Investigaciones Educativas de la Editorial Santillana S.A. ; bajo la dirección de Antonio Ramos Pérez ; José Gil Martos, Pilar García 
260 |a Madrid :   |b Santillana,   |c D.L. 1991 
300 |a 176 p. :   |b il. 
490 0 |a EGB Ciclo Medio  
546 |a España 
561 |5 es-BUNED  |3 L.T.M. 1027  |a España. Fondo Manes UNED  |k MANES 
690 0 |a MATE 
691 0 |a PRI 
700 1 |a Ramos Pérez, Antonio .  |9 33564 
710 2 |a Editorial Santillana.  |b Departamento de Investigaciones Educativas . 
942 |2 ddc  |c BK 
999 |c 94752  |d 94752 
999 |c manes:94752  |d 94752